000 00565nam a22002051a 4500
001 11500
003 OSt
005 20260204212245.0
008 121119s2009||||mx ||||||b||||||||||spa||
020 _a139789708300148
050 _a658.15 B464f
100 _aBesley, Scott
245 _aFundamentos de matemática financiera / Scott Besley y Eugene F. Brigham
250 _a4
264 _aMéxico: Cengage Leorning
300 _a819 p
500 _aIncluye indice
650 _aGerencia Financiera 2.Administración Financiera Eugene F.Ì
942 _2ddc
_cBK
999 _c11500
_d11500